| 000 | 00762nam a2200205Ii 4500 | ||
|---|---|---|---|
| 003 | JO-AjNU | ||
| 008 | 230605s9999||||xx |||||||||||||| ||und|| | ||
| 040 |
_aJO-AjNU _bara _erda _cJO-AjNU |
||
| 041 | _aara | ||
| 050 | 1 | 4 | _aDS73.7.F3 1985 |
| 100 | 3 |
_aتاليف عمر، فاروق, _eauthor _957137 |
|
| 245 | 0 | 0 | _aالتاريخ الإسلامي وفكر القرن العشرين : دراسات نقدية في تفسير التاريخ |
| 250 | _aط2/ منقحة ومزيدة | ||
| 264 | 3 | 1 | _aبغداد: مكتبة النهضة، 1985 |
| 300 | _a282ص | ||
| 336 |
_atext _btxt _2rdacontent |
||
| 337 |
_aunmediated _bn _2rdamedia |
||
| 338 |
_avolume _bnc _2rdacarrier |
||
| 650 | 4 |
_aالتاريخ الاسلامي- الفرق الاسلامية _957138 |
|
| 999 |
_aA25586 _c29154 _d29154 |
||